[Event "POR-chT"]
[Site "Penafiel"]
[Date "2020.08.27"]
[Round "8.3"]
[White "Fidalgo, Daniel Neves"]
[Black "Korneev, Oleg"]
[Result "0-1"]
[WhiteElo "2087"]
[BlackElo "2514"]
[PlyCount "48"]
[EventDate "2020.08.22"]
[EventType "team-tourn"]
[EventRounds "9"]
[EventCountry "POR"]
[SourceTitle "CBM 198 Extra"]
[Source "ChessBase"]
[SourceDate "2020.11.30"]
[SourceVersion "1"]
[SourceVersionDate "2020.11.30"]
[SourceQuality "1"]
[WhiteTeam "Santoantoniense"]
[BlackTeam "Gaia"]
[WhiteTeamCountry "POR"]
[BlackTeamCountry "POR"]

1. c4 e5 2. g3 Nf6 3. Bg2 d5 4. cxd5 Nxd5 5. Nc3 Nb6 6. e3 Nc6 7. Nge2 h5 8. d4 h4 9. 0-0 Bd6 10. Nb5 hxg3 11. fxg3 Bg4 12. dxe5 Bxe5 13. Qb3 Be6 14. Qc2 Bc4 15. Nbd4 Bxd4 16. exd4 0-0 17. Rf4 Re8 18. Rh4 g6 19. d5 Rxe2 20. Qc3 Ne5 21. Be3 Rxg2+ 22. Kxg2 Qxd5+ 23. Kf2 Qf3+ 24. Kg1 Bd5 0-1

[Event "POR-chT"]
[Site "Penafiel"]
[Date "2020.08.23"]
[Round "3.1"]
[White "Fidalgo, Daniel Neves"]
[Black "Espineira Gonzalez, Diego Adrian"]
[Result "1/2-1/2"]
[WhiteElo "2087"]
[BlackElo "2386"]
[PlyCount "105"]
[EventDate "2020.08.22"]
[EventType "team-tourn"]
[EventRounds "9"]
[EventCountry "POR"]
[SourceTitle "CBM 198 Extra"]
[Source "ChessBase"]
[SourceDate "2020.11.30"]
[SourceVersion "1"]
[SourceVersionDate "2020.11.30"]
[SourceQuality "1"]
[WhiteTeam "Santoantoniense"]
[BlackTeam "Amanha da Crianca"]
[WhiteTeamCountry "POR"]
[BlackTeamCountry "POR"]

1. c4 e5 2. g3 Nf6 3. Bg2 d5 4. cxd5 Nxd5 5. Nc3 Nb6 6. e3 Be7 7. Nge2 Nc6 8. 0-0 0-0 9. f4 f6 10. f5 Bd7 11. a3 Be8 12. b4 Bf7 13. d4 exd4 14. exd4 Bd6 15. Ne4 Nd5 16. Qd3 Re8 17. Bb2 Qd7 18. Rad1 Rad8 19. N2c3 Nce7 20. Nxd6 cxd6 21. g4 Nxc3 22. Bxc3 Bd5 23. Bd2 Bxg2 24. Kxg2 Qc6+ 25. Qf3 Qxf3+ 26. Kxf3 Nc6 27. Be1 a6 28. Bg3 d5 29. Bc7 Rc8 30. Bb6 Re4 31. Rfe1 Rce8 32. Rxe4 Rxe4 33. Bc5 b5 34. a4 h5 35. gxh5 Kh7 36. axb5 axb5 37. Rc1 Kh6 38. Rg1 Nxd4+ 39. Bxd4 Rxd4 40. Rg6+ Kxh5 41. Rxg7 Rxb4 42. Rg6 Rc4 43. Rxf6 Kg5 44. Rd6 Rf4+ 45. Ke3 Rxf5 46. Kd4 b4 47. Rb6 Kg4 48. Rxb4 Rf4+ 49. Kc3 Rxb4 50. Kxb4 Kf3 51. h4 Kg4 52. Kc5 Kxh4 53. Kxd5 1/2-1/2

[Event "POR-chT"]
[Site "Penafiel"]
[Date "2020.08.23"]
[Round "2.5"]
[White "Lombaers, Peter"]
[Black "Fidalgo, Daniel Neves"]
[Result "1/2-1/2"]
[WhiteElo "2379"]
[BlackElo "2087"]
[PlyCount "97"]
[EventDate "2020.08.22"]
[EventType "team-tourn"]
[EventRounds "9"]
[EventCountry "POR"]
[SourceTitle "CBM 198 Extra"]
[Source "ChessBase"]
[SourceDate "2020.11.30"]
[SourceVersion "1"]
[SourceVersionDate "2020.11.30"]
[SourceQuality "1"]
[WhiteTeam "Porto A Gx"]
[BlackTeam "Santoantoniense"]
[WhiteTeamCountry "POR"]
[BlackTeamCountry "POR"]

1. d4 Nf6 2. c4 g6 3. Nc3 d5 4. cxd5 Nxd5 5. Bd2 Nxc3 6. Bxc3 Bg7 7. e4 c5 8. d5 Bxc3+ 9. bxc3 0-0 10. Qd2 Qa5 11. h4 Nd7 12. Rc1 Nf6 13. h5 Nxe4 14. Qh6 Qxa2 15. Qe3 Qxd5 16. Rh4 Nf6 17. hxg6 Qe6 18. gxf7+ Rxf7 19. Bc4 Qxe3+ 20. fxe3 e6 21. Nf3 a6 22. Rd1 b5 23. Rd8+ Rf8 24. Rxc8 Raxc8 25. Bxe6+ Kg7 26. Bxc8 Rxc8 27. e4 b4 28. Kd2 a5 29. Kc2 Re8 30. e5 Nd7 31. Rg4+ Kf8 32. Rf4+ Ke7 33. Rh4 Rg8 34. Rxh7+ Ke6 35. Rh6+ Kf5 36. Kb3 Re8 37. Rc6 Nxe5 38. Rxc5 Kf4 39. Nxe5 Rxe5 40. g3+ Ke4 41. Rxe5+ Kxe5 42. c4 Kd4 43. g4 a4+ 44. Kxb4 a3 45. Kxa3 Kxc4 46. g5 Kd5 47. g6 Ke6 48. g7 Kf7 49. g8N 1/2-1/2

[Event "Lisbon Portugal op"]
[Site "Lisbon"]
[Date "2020.01.26"]
[Round "3"]
[White "Aguiar, Carlos Alberto Bran"]
[Black "Fidalgo, Daniel Neves"]
[Result "0-1"]
[WhiteElo "1764"]
[BlackElo "2076"]
[PlyCount "54"]
[EventDate "2020.01.25"]
[EventType "swiss"]
[EventRounds "9"]
[EventCountry "POR"]
[SourceTitle "EXT 2021"]
[Source "ChessBase"]
[SourceDate "2020.10.23"]
[SourceVersion "1"]
[SourceVersionDate "2020.10.23"]
[SourceQuality "1"]

1. d4 Nf6 2. Nf3 g6 3. g3 Bg7 4. Bg2 0-0 5. c4 d5 6. cxd5 Nxd5 7. 0-0 Nb6 8. Nc3 Nc6 9. e3 e5 10. dxe5 Nxe5 11. Nxe5 Bxe5 12. e4 Be6 13. Bh6 Re8 14. Qxd8 Raxd8 15. Rac1 c6 16. b3 f6 17. Be3 Rd3 18. Ne2 g5 19. Rfd1 Red8 20. Rxd3 Rxd3 21. Bf1 Bg4 22. Kg2 Rd8 23. h3 Bh5 24. g4 Bg6 25. f3 Rd3 26. Kf2 h6 27. Ng1 Rxe3 0-1

[Event "Lisbon Portugal op"]
[Site "Lisbon"]
[Date "2020.01.26"]
[Round "2"]
[White "Fidalgo, Daniel Neves"]
[Black "Savanovic, Aleksandar"]
[Result "0-1"]
[WhiteElo "2076"]
[BlackElo "2414"]
[PlyCount "56"]
[EventDate "2020.01.25"]
[EventType "swiss"]
[EventRounds "9"]
[EventCountry "POR"]
[SourceTitle "CBM 194"]
[Source "ChessBase"]
[SourceDate "2020.02.29"]
[SourceVersion "1"]
[SourceVersionDate "2020.02.29"]
[SourceQuality "1"]

1. c4 e6 2. Nf3 d5 3. b3 Nf6 4. g3 d4 5. e3 c5 6. exd4 cxd4 7. Bg2 Nc6 8. 0-0 Be7 9. d3 0-0 10. a3 a5 11. Re1 Nd7 12. Nbd2 h6 13. h4 e5 14. Rb1 f5 15. h5 Kh8 16. Nh2 Nc5 17. Ndf3 e4 18. dxe4 fxe4 19. Nd2 e3 20. fxe3 dxe3 21. Ndf3 Qxd1 22. Rxd1 e2 23. Re1 Bf5 24. Rb2 Nd3 25. Rbxe2 Nxe1 26. Rxe1 Rae8 27. Be3 Bxa3 28. Nh4 Rxe3 0-1

[Event "Guimaraes op 3rd"]
[Site "Guimaraes"]
[Date "2019.09.01"]
[Round "7"]
[White "Duller Llopis, Jouke"]
[Black "Fidalgo, Daniel Neves"]
[Result "0-1"]
[WhiteElo "1781"]
[BlackElo "2089"]
[PlyCount "120"]
[EventDate "2019.08.28"]
[EventType "swiss"]
[EventRounds "7"]
[EventCountry "POR"]
[SourceTitle "EXT 2020"]
[Source "ChessBase"]
[SourceDate "2019.10.17"]
[SourceVersion "1"]
[SourceVersionDate "2019.10.17"]
[SourceQuality "1"]

1. Nf3 Nf6 2. d4 g6 3. c3 d5 4. Bf4 Bg7 5. e3 0-0 6. Be2 c5 7. b4 b6 8. 0-0 Bf5 9. Nbd2 Nh5 10. Be5 Nd7 11. Bxg7 Nxg7 12. bxc5 bxc5 13. c4 cxd4 14. Nxd4 Ne5 15. cxd5 g5 16. N2f3 Nxf3+ 17. Bxf3 Bd7 18. Nc6 Bxc6 19. dxc6 Qc7 20. Rb1 Rad8 21. Qa4 Ne6 22. Rb7 Qd6 23. Qa5 g4 24. Bxg4 Qxc6 25. Rxe7 Rd5 26. Bf3 Rxa5 27. Bxc6 Nd8 28. Be4 Rxa2 29. Bd5 Ra5 30. e4 Kg7 31. Rc7 Kf6 32. g3 Ne6 33. Bxe6 Kxe6 34. f4 Rd8 35. Rfc1 Rd6 36. e5 Rd7 37. R1c6+ Ke7 38. Kf2 Ra2+ 39. Ke3 a5 40. Rxd7+ Kxd7 41. Rd6+ Ke7 42. h4 Ra3+ 43. Kf2 a4 44. Rd2 h5 45. f5 Rb3 46. Ra2 a3 47. Ke1 Rxg3 48. Kd1 Kd7 49. Kc1 Rf3 50. Rd2+ Ke7 51. Kb1 Rxf5 52. Rd3 Rxe5 53. Rxa3 Re4 54. Ra7+ Kf6 55. Kc2 Rxh4 56. Kd3 Rg4 57. Ke3 Kg6 58. Kf3 Rb4 59. Ra6+ Kg5 60. Ra5+ f5 0-1

[Event "Guimaraes op 3rd"]
[Site "Guimaraes"]
[Date "2019.08.31"]
[Round "5"]
[White "Ribeiro, Orlando Camilo Duar"]
[Black "Fidalgo, Daniel Neves"]
[Result "0-1"]
[WhiteElo "1621"]
[BlackElo "2089"]
[PlyCount "61"]
[EventDate "2019.08.28"]
[EventType "swiss"]
[EventRounds "7"]
[EventCountry "POR"]
[SourceTitle "EXT 2020"]
[Source "ChessBase"]
[SourceDate "2019.10.17"]
[SourceVersion "1"]
[SourceVersionDate "2019.10.17"]
[SourceQuality "1"]

1. e4 e6 2. d4 d5 3. Nc3 Nf6 4. e5 Nfd7 5. f4 c5 6. Nf3 Nc6 7. Be3 a6 8. Qd2 cxd4 9. Nxd4 Nxd4 10. Bxd4 Bc5 11. 0-0-0 0-0 12. Qf2 Qc7 13. Bd3 Bxd4 14. Qxd4 b5 15. Rhf1 Rb8 16. Rf3 Qc5 17. Rh3 g6 18. Ne2 a5 19. Qxc5 Nxc5 20. Nd4 Bd7 21. c3 Rfc8 22. Bc2 b4 23. Re1 a4 24. Ne2 Bb5 25. Ng1 Bc4 26. Kb1 b3 27. axb3 axb3 28. Bd1 Ra8 29. Be2 Ra7 30. Kc1 Ra1+ 31. Kd2 0-1

[Event "Portuguese Masters"]
[Site "Cruz Quebrada"]
[Date "2019.08.17"]
[Round "7"]
[White "Fidalgo, Daniel Neves"]
[Black "Fernandes, Miguel A Murtinho"]
[Result "1-0"]
[WhiteElo "2089"]
[BlackElo "2108"]
[PlyCount "139"]
[EventDate "2019.08.13"]
[EventType "tourn"]
[EventRounds "9"]
[EventCountry "POR"]
[SourceTitle "CBM 191 Extra"]
[Source "ChessBase"]
[SourceDate "2019.09.30"]
[SourceVersion "1"]
[SourceVersionDate "2019.09.30"]
[SourceQuality "1"]

1. c4 e5 2. g3 Nf6 3. Bg2 d6 4. Nc3 Be7 5. Nf3 0-0 6. d4 Nbd7 7. 0-0 c6 8. e4 exd4 9. Nxd4 a6 10. h3 g6 11. Be3 Re8 12. Re1 Bf8 13. f4 Qc7 14. Qd2 Rb8 15. Rac1 a5 16. Bf2 Ra8 17. b3 Nc5 18. Rcd1 Bd7 19. g4 Rad8 20. Bh4 Bg7 21. Qf2 Bc8 22. e5 dxe5 23. fxe5 Rxd4 24. Qxd4 Nfd7 25. Bf6 Ne6 26. Qf2 Bf8 27. Ne4 Bb4 28. Rf1 Rf8 29. Kh1 Nxe5 30. Qg3 Nd7 31. Qxc7 Nxc7 32. Bg5 Ne6 33. Bh6 Rd8 34. Rd3 Be7 35. Bd2 Bb4 36. Bxb4 axb4 37. Rfd1 Kf8 38. Nd6 Ndc5 39. R3d2 Ke7 40. Ne4 Rxd2 41. Rxd2 Nxe4 42. Bxe4 Nc5 43. Bc2 Be6 44. Kg2 f5 45. gxf5 gxf5 46. Kf3 Kf6 47. Rd4 h5 48. Rd8 Kg5 49. Rd1 h4 50. Ke3 Ne4 51. Bxe4 fxe4 52. Rg1+ Kf6 53. Kf4 b6 54. Rf1 Bxh3 55. Rh1 Bg2 56. Rxh4 Ke6 57. Rh2 Bf3 58. Rd2 Ke7 59. Ke3 Bh1 60. Rh2 Bf3 61. Rd2 Bh1 62. Kd4 Bf3 63. c5 bxc5+ 64. Kxc5 e3 65. Rd3 e2 66. Re3+ Kd7 67. Kxb4 Kd6 68. Kc3 Kc5 69. Kd2 Bg4 70. Rg3 1-0

[Event "Famalicao op 7th"]
[Site "Vila Nova de Famalicao"]
[Date "2019.07.31"]
[Round "6"]
[White "Galego, Luis"]
[Black "Fidalgo, Daniel Neves"]
[Result "1-0"]
[WhiteElo "2513"]
[BlackElo "2087"]
[PlyCount "53"]
[EventDate "2019.07.28"]
[EventType "swiss"]
[EventRounds "9"]
[EventCountry "POR"]
[SourceTitle "CBM 191 Extra"]
[Source "ChessBase"]
[SourceDate "2019.09.30"]
[SourceVersion "1"]
[SourceVersionDate "2019.09.30"]
[SourceQuality "1"]

1. e4 e6 2. Nf3 d5 3. exd5 exd5 4. d4 Bd6 5. h3 h6 6. c4 dxc4 7. Bxc4 Nf6 8. 0-0 0-0 9. Ne5 Nbd7 10. Bf4 Nb6 11. Bb3 Nbd5 12. Bg3 Be6 13. Re1 c6 14. Nd2 Rc8 15. a3 Bb8 16. Bh4 Nf4 17. Bxe6 Nxe6 18. Bxf6 Qxf6 19. Nd7 Qf4 20. g3 Qxd4 21. Nxf8 Rxf8 22. Nf3 Qb6 23. Kg2 Rd8 24. Qe2 Rd5 25. Rad1 Rf5 26. Rd7 Rf6 27. Qd3 1-0

[Event "Famalicao op 7th"]
[Site "Vila Nova de Famalicao"]
[Date "2019.07.29"]
[Round "2"]
[White "Grigoryan, Karen H"]
[Black "Fidalgo, Daniel Neves"]
[Result "1-0"]
[WhiteElo "2549"]
[BlackElo "2087"]
[PlyCount "139"]
[EventDate "2019.07.28"]
[EventType "swiss"]
[EventRounds "9"]
[EventCountry "POR"]
[SourceTitle "CBM 191 Extra"]
[Source "ChessBase"]
[SourceDate "2019.09.30"]
[SourceVersion "1"]
[SourceVersionDate "2019.09.30"]
[SourceQuality "1"]

1. g3 g6 2. Bg2 Bg7 3. e4 e5 4. Ne2 Ne7 5. d4 d6 6. dxe5 dxe5 7. Qxd8+ Kxd8 8. Na3 Be6 9. Bg5 c6 10. 0-0-0+ Nd7 11. Rhf1 h6 12. Bd2 Kc7 13. Bb4 Nc8 14. f4 exf4 15. gxf4 Bg4 16. Bf3 Bxf3 17. Rxf3 a5 18. Rfd3 Rd8 19. Bc3 Bxc3 20. Rxc3 Nd6 21. e5 Ne4 22. Re3 Ndc5 23. Re1 b5 24. Nb1 Rd7 25. Ng3 Nxg3 26. hxg3 h5 27. Nd2 Rad8 28. Nf3 Ne6 29. Nh4 Ng7 30. R3e2 Rg8 31. Rg2 Ne6 32. Nf3 Rh8 33. b3 Rdd8 34. Kb2 Kb6 35. Ra1 Rd7 36. a4 Rhd8 37. Rgg1 b4 38. Raf1 Rd5 39. Re1 R8d7 40. Kc1 Nd4 41. Nd2 Kc7 42. Rg2 Nf5 43. Nc4 Rd8 44. Rgg1 Nd4 45. Rh1 Nf5 46. Reg1 Nh6 47. Rh2 Ng4 48. Re2 Re8 49. Rd2 f6 50. Re2 fxe5 51. fxe5 Re6 52. Rf1 Kd8 53. Rd1 Ke7 54. Rde1 Nh6 55. Kb2 Nf5 56. Rg1 Nh6 57. c3 Ng4 58. Rge1 Rd3 59. cxb4 axb4 60. a5 c5 61. Ra1 Ra6 62. Rg1 Ke6 63. Rf1 Rxg3 64. Rd1 Rf3 65. Rd6+ Rxd6 66. exd6+ Kd7 67. a6 Rf8 68. Re7+ Kc6 69. Rc7+ Kb5 70. d7 1-0

[Event "POR-chT2 final"]
[Site "Evora"]
[Date "2019.07.21"]
[Round "3.1"]
[White "Iglesias Leon, Francisco Javier"]
[Black "Fidalgo, Daniel Neves"]
[Result "1-0"]
[WhiteElo "2135"]
[BlackElo "2087"]
[PlyCount "167"]
[EventDate "2019.07.20"]
[EventType "team-tourn"]
[EventRounds "3"]
[EventCountry "POR"]
[SourceTitle "CBM 192 Extra"]
[Source "Chessbase"]
[SourceDate "2019.11.06"]
[SourceVersion "1"]
[SourceVersionDate "2019.11.06"]
[SourceQuality "1"]
[WhiteTeam "Dias Ferreira II"]
[BlackTeam "Santoantoniense"]
[WhiteTeamCountry "POR"]
[BlackTeamCountry "POR"]

1. Nf3 Nf6 2. b3 g6 3. Bb2 Bg7 4. g3 0-0 5. Bg2 d6 6. d4 c6 7. 0-0 Nbd7 8. c4 Qa5 9. Qd2 Qh5 10. Qg5 Qxg5 11. Nxg5 d5 12. Nc3 h6 13. Nf3 e6 14. Rac1 Re8 15. Rfd1 Rb8 16. Ba3 Bf8 17. Bxf8 Kxf8 18. e3 Nb6 19. Nd2 Bd7 20. e4 Rbd8 21. e5 Ng8 22. c5 Na8 23. b4 Nc7 24. Nb3 Ra8 25. Bf1 Ne7 26. a4 Reb8 27. b5 Ne8 28. b6 a5 29. f4 Ng7 30. Bd3 Kg8 31. Rd2 Kh8 32. Nd1 Rf8 33. Ne3 Ng8 34. Bc2 Ne7 35. Rf1 Bc8 36. Rg2 Bd7 37. Kf2 Bc8 38. Ke2 Bd7 39. Kd2 Bc8 40. Kc3 Bd7 41. Nd2 Rad8 42. Nf3 Bc8 43. g4 Rg8 44. Rg3 Rgf8 45. Rh3 h5 46. Rg1 Bd7 47. Nf1 f5 48. gxh5 gxh5 49. Bd1 Kh7 50. Ng5+ Kh6 51. Kd2 Be8 52. Ke3 Ng6 53. Nd2 Ra8 54. Ngf3 Bf7 55. Nf1 Kh7 56. Ng5+ Kh6 57. Ng3 h4 58. Nf1 Nh5 59. Bxh5 Kxh5 60. Nh7 Rh8 61. Ng5 Raf8 62. Nd2 Kh6 63. Ndf3 Kg7 64. Nxh4 Rfg8 65. Nxg6 Rxh3+ 66. Nxh3 Bxg6 67. Ng5 Re8 68. Rg3 Kf8 69. Ne4 dxe4 70. Rxg6 Kf7 71. Rf6+ Ke7 72. Rh6 Kd8 73. Rh7 Kc8 74. h4 Rg8 75. h5 Rg3+ 76. Ke2 Ra3 77. h6 Ra2+ 78. Ke1 Ra1+ 79. Kf2 Ra2+ 80. Kg3 Ra3+ 81. Kh4 e3 82. Kg3 e2+ 83. Kf2 Re3 84. Ke1 1-0

[Event "Lisbon Portugal rapid op"]
[Site "Lisbon"]
[Date "2019.02.10"]
[Round "8"]
[White "Partoens, Remi"]
[Black "Fidalgo, Daniel Neves"]
[Result "0-1"]
[WhiteElo "1904"]
[BlackElo "1981"]
[PlyCount "86"]
[EventDate "2019.02.10"]
[EventType "swiss (rapid)"]
[EventRounds "8"]
[EventCountry "POR"]
[SourceTitle "CBM 188 Extra"]
[Source "ChessBase"]
[SourceDate "2019.02.28"]
[SourceVersion "1"]
[SourceVersionDate "2019.02.28"]
[SourceQuality "1"]

1. e4 e6 2. d4 d5 3. Nd2 Nf6 4. e5 Nfd7 5. Bd3 c5 6. c3 Nc6 7. Ne2 cxd4 8. cxd4 f6 9. Nf4 Nxd4 10. Qh5+ Ke7 11. Bxh7 Nxe5 12. Ng6+ Nxg6 13. Qxg6 Qe8 14. 0-0 Qxg6 15. Bxg6 Ne2+ 16. Kh1 Nf4 17. Bc2 Kf7 18. Nb3 Bd6 19. g3 Ng6 20. Re1 Bd7 21. Nd4 Ne7 22. Re2 e5 23. Nf3 Bg4 24. Re3 e4 25. Nh4 g5 26. Ng2 Bf3 27. Bb3 Kg7 28. Rc3 Rh6 29. h4 gxh4 30. Bxh6+ Kxh6 31. Rxf3 exf3 32. Nxh4 Bc5 33. Kg1 Rg8 34. Kf1 Rd8 35. Rd1 d4 36. Nxf3 Nc6 37. Kg2 Ne5 38. Rh1+ Kg7 39. Nh4 d3 40. f4 Ng4 41. Kf3 Nf2 42. Nf5+ Kg6 43. Rf1 Kxf5 0-1

[Event "Lisbon Portugal op"]
[Site "Lisbon"]
[Date "2019.02.03"]
[Round "3"]
[White "Fidalgo, Daniel Neves"]
[Black "Ranaldi, Lucas"]
[Result "1-0"]
[WhiteElo "1981"]
[BlackElo "2229"]
[PlyCount "127"]
[EventDate "2019.02.02"]
[EventType "swiss"]
[EventRounds "9"]
[EventCountry "POR"]
[SourceTitle "CBM 188 Extra"]
[Source "ChessBase"]
[SourceDate "2019.02.28"]
[SourceVersion "1"]
[SourceVersionDate "2019.02.28"]
[SourceQuality "1"]

1. c4 c5 2. g3 Nc6 3. Bg2 g6 4. Nc3 Bg7 5. e4 e6 6. Nge2 d6 7. 0-0 Nge7 8. d3 0-0 9. Be3 Nd4 10. Qd2 Rb8 11. Bh6 Nec6 12. Bxg7 Kxg7 13. f4 a6 14. Nxd4 Nxd4 15. Rae1 e5 16. Nd5 f6 17. Rf2 Be6 18. Ne3 b5 19. f5 Bd7 20. h4 h6 21. fxg6 Kxg6 22. Ref1 Be6 23. Bf3 Qd7 24. b3 b4 25. g4 Qe7 26. Nf5 Bxf5 27. exf5+ Kh7 28. Bd5 Qg7 29. Rg2 Kh8 30. g5 fxg5 31. hxg5 Rxf5 32. Rxf5 Nxf5 33. gxh6 Qf6 34. Qg5 Rf8 35. Be4 Qxg5 36. Rxg5 Nxh6 37. Bd5 Rf4 38. Be6 Kh7 39. Kg2 a5 40. Rg3 Rf6 41. Bd5 Nf7 42. Bxf7 Rxf7 43. Rh3+ Kg7 44. Rg3+ Kf6 45. Rf3+ Ke6 46. Rxf7 Kxf7 47. Kf3 Kf6 48. Ke3 Kf5 49. Kf3 Kf6 50. Ke4 Ke7 51. Kf3 Kd7 52. Ke3 Ke7 53. Kf3 Kf7 54. Ke3 Kf6 55. Ke2 Kg5 56. Ke3 Kg4 57. Ke4 Kg5 58. Kd5 Kf4 59. Kxd6 Ke3 60. Kxe5 Kxd3 61. Kd5 Kc3 62. Kxc5 Kb2 63. Kb5 Kxa2 64. Ka4 1-0

[Event "Lisbon Portugal rapid op"]
[Site "Lisbon"]
[Date "2018.02.10"]
[Round "8"]
[White "Ferreira, Hugo Miguel da Cost"]
[Black "Fidalgo, Daniel Neves"]
[Result "1-0"]
[WhiteElo "2158"]
[BlackElo "1966"]
[PlyCount "51"]
[EventDate "2018.02.10"]
[EventType "swiss (rapid)"]
[EventRounds "8"]
[EventCountry "POR"]
[SourceTitle "CBM 182 Extra"]
[Source "ChessBase"]
[SourceDate "2018.02.23"]
[SourceVersion "1"]
[SourceVersionDate "2018.02.23"]
[SourceQuality "1"]

1. d4 d5 2. Bf4 Nf6 3. e3 c6 4. c4 e6 5. Nc3 Nbd7 6. Bd3 Be7 7. h3 0-0 8. Nf3 h6 9. 0-0 dxc4 10. Bxc4 b5 11. Bd3 Bb7 12. Ne4 Nxe4 13. Bxe4 Nf6 14. Bd3 a6 15. Rc1 Rc8 16. Qe2 c5 17. dxc5 Bxc5 18. Rfd1 Qb6 19. Ne5 Rfd8 20. Ng4 Nd5 21. Be5 Nb4 22. Nxh6+ Kf8 23. Qg4 gxh6 24. Qg7+ Ke8 25. Qh8+ Kd7 26. Bxb5+ 1-0

[Event "Lisbon Portugal op"]
[Site "Lisbon"]
[Date "2018.02.03"]
[Round "1"]
[White "Sanal, Vahap"]
[Black "Fidalgo, Daniel Neves"]
[Result "1-0"]
[WhiteElo "2551"]
[BlackElo "1966"]
[PlyCount "113"]
[EventDate "2018.02.03"]
[EventType "swiss"]
[EventRounds "9"]
[EventCountry "POR"]
[SourceTitle "CBM 182 Extra"]
[Source "ChessBase"]
[SourceDate "2018.02.23"]
[SourceVersion "1"]
[SourceVersionDate "2018.02.23"]
[SourceQuality "1"]

1. e4 e6 2. d4 d5 3. Nd2 Nf6 4. e5 Nfd7 5. Bd3 c5 6. c3 Nc6 7. Ne2 cxd4 8. cxd4 f6 9. exf6 Nxf6 10. 0-0 Bd6 11. Nf3 0-0 12. Bf4 Bxf4 13. Nxf4 Ne4 14. Qc1 Qd6 15. Ne2 Nf6 16. h3 Bd7 17. Qe3 Nb4 18. Nc3 Nxd3 19. Qxd3 Ne4 20. Ne5 Bc6 21. Rac1 Rf6 22. Qe3 Nxc3 23. Rxc3 Bb5 24. Rfc1 Raf8 25. f3 Rb8 26. Rc5 a6 27. b3 Rff8 28. Rc7 Qd8 29. R7c5 Be8 30. Kh2 Qf6 31. Rc7 Bb5 32. Qe1 g6 33. Qe3 Qf4+ 34. Qxf4 Rxf4 35. Re7 Bc6 36. Rxe6 Rxd4 37. Rcxc6 bxc6 38. Nxc6 Rdb4 39. Nxb4 Rxb4 40. Rxa6 Rd4 41. Kg3 Rd2 42. a4 d4 43. b4 Rb2 44. b5 d3 45. Rd6 d2 46. f4 Ra2 47. Kg4 Rxa4 48. Rxd2 Rb4 49. Rd8+ Kg7 50. Rd7+ Kg8 51. Rb7 h6 52. h4 Rb2 53. g3 Rb4 54. h5 g5 55. Kf5 Rd4 56. b6 Rd5+ 57. Ke6 1-0

[Event "Barreiro op 3rd"]
[Site "Barreiro"]
[Date "2017.10.08"]
[Round "6"]
[White "Fidalgo, Daniel Neves"]
[Black "Ferreira, Hugo Miguel da Cost"]
[Result "1/2-1/2"]
[WhiteElo "1965"]
[BlackElo "2138"]
[PlyCount "39"]
[EventDate "2017.10.05"]
[EventType "swiss"]
[EventRounds "7"]
[EventCountry "POR"]
[SourceTitle "CBM 181 Extra"]
[Source "ChessBase"]
[SourceDate "2017.12.12"]
[SourceVersion "1"]
[SourceVersionDate "2017.12.12"]
[SourceQuality "1"]

1. c4 e5 2. g3 f5 3. Bg2 Nf6 4. Nc3 d6 5. d3 Be7 6. e3 c6 7. Nge2 0-0 8. 0-0 Be6 9. b3 Na6 10. f4 Qd7 11. d4 e4 12. Ba3 Rac8 13. h3 b5 14. d5 cxd5 15. cxb5 Nc5 16. Qd2 Qb7 17. Rfd1 Bd8 18. Nd4 Bd7 19. Bf1 Bb6 20. Nc6 1/2-1/2

[Event "Barreiro op 3rd"]
[Site "Barreiro"]
[Date "2017.10.07"]
[Round "4"]
[White "Santos, Isabel Pereira Dos"]
[Black "Fidalgo, Daniel Neves"]
[Result "1/2-1/2"]
[WhiteElo "1619"]
[BlackElo "1965"]
[PlyCount "94"]
[EventDate "2017.10.05"]
[EventType "swiss"]
[EventRounds "7"]
[EventCountry "POR"]
[SourceTitle "CBM 181 Extra"]
[Source "ChessBase"]
[SourceDate "2017.12.12"]
[SourceVersion "1"]
[SourceVersionDate "2017.12.12"]
[SourceQuality "1"]

1. d4 d5 2. c4 e6 3. Nc3 c6 4. Nf3 Nf6 5. e3 Be7 6. Bd3 0-0 7. 0-0 dxc4 8. Bxc4 b5 9. Bd3 Bb7 10. e4 a6 11. Qc2 h6 12. Be3 Nbd7 13. h3 Rc8 14. Rfd1 Qc7 15. Rac1 Qb8 16. Qe2 c5 17. Bb1 Qa8 18. e5 Nd5 19. Nxd5 Bxd5 20. Qd3 g6 21. Bxh6 Rfd8 22. Bg5 Bxf3 23. Bxe7 Bxd1 24. Bxd8 Rxd8 25. Qxd1 c4 26. Qg4 Nf8 27. h4 Qa7 28. Rd1 Qe7 29. h5 Kg7 30. Re1 g5 31. Re3 f5 32. exf6+ Qxf6 33. Rf3 Rxd4 34. h6+ Kg8 35. h7+ Nxh7 36. Bxh7+ Kg7 37. Qh5 Rf4 38. Rxf4 gxf4 39. Be4 Qxb2 40. Qg5+ Kf8 41. Qxf4+ Ke7 42. Qc7+ Kf6 43. Qd8+ Kf7 44. Qd7+ Kf6 45. Qd8+ Kf7 46. Qd7+ Kf6 47. Qd8+ Kf7 1/2-1/2

[Event "Barreiro op 3rd"]
[Site "Barreiro"]
[Date "2017.10.05"]
[Round "2"]
[White "Silva, David Miguel Da"]
[Black "Fidalgo, Daniel Neves"]
[Result "1-0"]
[WhiteElo "2252"]
[BlackElo "1965"]
[PlyCount "77"]
[EventDate "2017.10.05"]
[EventType "swiss"]
[EventRounds "7"]
[EventCountry "POR"]
[SourceTitle "CBM 181 Extra"]
[Source "ChessBase"]
[SourceDate "2017.12.12"]
[SourceVersion "1"]
[SourceVersionDate "2017.12.12"]
[SourceQuality "1"]

1. e4 e6 2. d4 d5 3. Nc3 Nf6 4. e5 Nfd7 5. f4 c5 6. Nf3 Nc6 7. Be3 Be7 8. Qd2 a6 9. Be2 b5 10. 0-0 Bb7 11. Nd1 Qc7 12. c3 c4 13. Bf2 0-0-0 14. f5 exf5 15. Ne3 Nf8 16. Nxf5 Ne6 17. Bh4 Rhf8 18. Bxe7 Nxe7 19. Nd6+ Rxd6 20. exd6 Qxd6 21. Ng5 Nxg5 22. Qxg5 Ng6 23. Bh5 Kb8 24. Rae1 Bc8 25. Bxg6 hxg6 26. Qe7 Qxe7 27. Rxe7 Bf5 28. h3 f6 29. Rxg7 Be4 30. h4 Bd3 31. Rf4 Be4 32. Rd7 f5 33. Kf2 Rg8 34. g3 Rh8 35. Rg7 Rh6 36. Ke3 a5 37. Rf2 b4 38. Kf4 a4 39. a3 1-0

[Event "EU-ch U14 27th"]
[Site "Mamaia"]
[Date "2017.09.12"]
[Round "7"]
[White "Palczert, Botond"]
[Black "Fidalgo, Daniel Neves"]
[Result "0-1"]
[WhiteElo "1784"]
[BlackElo "1912"]
[PlyCount "74"]
[EventDate "2017.09.05"]
[EventType "swiss"]
[EventRounds "9"]
[EventCountry "ROU"]
[SourceTitle "EXT 2018"]
[Source "ChessBase"]
[SourceDate "2017.10.13"]
[SourceVersion "1"]
[SourceVersionDate "2017.10.13"]
[SourceQuality "1"]

1. b3 d5 2. Bb2 Bg4 3. Nf3 Nf6 4. e3 Nbd7 5. Be2 e6 6. 0-0 Bd6 7. d3 0-0 8. Nbd2 c6 9. c4 a5 10. a3 Re8 11. Nd4 Bxe2 12. Qxe2 e5 13. Nf5 Bb8 14. Nf3 g6 15. Ng3 Qb6 16. Qc2 dxc4 17. Qxc4 Nd5 18. Ng5 Rf8 19. h4 Bc7 20. h5 Nxe3 21. Qh4 Nf5 22. Nxf5 gxf5 23. Qh3 Bd8 24. Qxf5 Kg7 25. Qxh7+ Kf6 26. Qh6+ Ke7 27. Ne4 Bc7 28. Rab1 Rh8 29. Qg5+ f6 30. Qg7+ Ke6 31. Qg4+ Ke7 32. Ng3 Rag8 33. Nf5+ Kd8 34. Qc4 Rg5 35. g4 Rhxh5 36. Ne3 Rh8 37. Bc1 Rg7 0-1